Ballon D'or winners by Golden Boot - Statistics

General Stats
  • This quiz has been taken 62 times
  • The average score is 12 of 23
Answer Stats
Hint Answer % Correct
Premier League2007/08 La Liga 2010/11, 2013/14, 2014/15 Serie A 2020/21 Saudi Pro League 2023/24 Cristiano Ronaldo
100%
La Liga2009/10, 2011/12, 2012/13, 2016/17, 2017/18, 2018/19, 2019/20, 2020/21 Lionel Messi
100%
Eredivisie1966/67, 1971/72 Johan Cruyff
86%
Serie A1989/90, 1991/92 Eredivisie 1983/84, 1984/85, 1985/86, 1986/87 Marco Van Basten
82%
Bundesliga1967, 1969, 1970, 1972, 1973, 1974, 1978 Gerd Muller
80%
Ligue 1 2007/08 La Liga2021/22 Karim Benzema
76%
A Group (Bulgaria)1988/89, 1989/90
Hristo Stoichkov
75%
Argentine Primera Division1947 Campeonato Profesional 1951, 1952 La Liga 1953/54, 1955/56, 1956/57, 1957/58, 1958/59 Alfredo Di Stefano
71%
Premier League 1997/98, 1998/99 Michael Owen
69%
Campeonato Gaucho1999 Ronaldinho
63%
Serie A1982/83, 1983/84, 1984/85 Michel Platini
59%
Serie A1999/00, 2003/04 Andriy Shevchenko
55%
Ligue 11987/88, 1988/89, 1989/90, 1990/91, 1991/92 Jean-Pierre Papin
55%
Uzbek League2009 Rivaldo
51%
Bundesliga1979/80, 1980/81, 1983/84 Swiss League 1988/89 Karl-Heinz Rummenigge
45%
Serie A1977/78 Serie B 1976/77 Paolo Rossi
45%
Campeonato Provincial de Mocambique
1960
Primeira Liga 1964, 1965,1966, 1967, 1968, 1970, 1973
Eusebio
37%
Campeonato Mineiro1993/94 Eredivisie 1994/95 La Liga 1996/97, 2003/04 Ronaldo Nazario
37%
Football League First Division1967/68 George Best
29%
Soviet League1972, 1973, 1974, 1975, 1977 Oleg Blokhin
8%
Hungarian Championship1960, 1961, 1965 Florian Albert
6%
Serie A1972/73 Gianni Rivera
6%
Serie A1959/60 Omar Sivori
6%
No matching quizzes found
Score Distribution
Percent of People with Each Score
Percentile by Number Answered
Your Score History
You have not taken this quiz